[Event "25th Hoogeveen op"]
[Site "Hoogeveen NED"]
[Date "2022.10.17"]
[Round "3.19"]
[White "Cornelisse, John"]
[Black "Nijdam, Brian"]
[Result "1-0"]
[WhiteElo "2160"]
[BlackElo "1877"]
[EventDate "2022.10.15"]
[PlyCount "93"]

1.d4 Nf6 2.c4 g6 3.Nc3 Bg7 4.e4 d6 5.Nf3 O-O 6.Be2 e5 7.O-O Nc6 8.d5 Ne7 
9.Ne1 Nd7 10.Nd3 f5 11.f3 f4 12.Bd2 Nf6 13.Rc1 g5 14.c5 Ng6 15.Nb5 Rf7 16.
Ba5 b6 17.cxd6 cxd6 18.Be1 g4 19.fxg4 Nxe4 20.Nb4 a5 21.Bf3 Nc5 22.Nc6 Qd7
23.Nc3 Ba6 24.Bf2 Bxf1 25.Kxf1 e4 26.Nxe4 Nxe4 27.Bxe4 Ne5 28.Bf5 Rxf5 29.
gxf5 Re8 30.Nd4 Qf7 31.Ne6 Qxf5 32.Rc7 Bf6 33.Qc2 Qh5 34.Rc8 f3 35.gxf3 
Qh3+ 36.Ke1 Nxf3+ 37.Ke2 Ng1+ 38.Bxg1 Qg4+ 39.Kf1 Qh3+ 40.Ke1 Bh4+ 41.Bf2 
Qe3+ 42.Kf1 Qh3+ 43.Ke2 Qg4+ 44.Kd2 Bg5+ 45.Ke1 Qb4+ 46.Kf1 Qb5+ 47.Qc4 
1-0

[Event "25th Hoogeveen op"]
[Site "Hoogeveen NED"]
[Date "2022.10.17"]
[Round "3.20"]
[White "Vogel, Jaap"]
[Black "Wage, Sander"]
[Result "1/2-1/2"]
[WhiteElo "2124"]
[BlackElo "1863"]
[EventDate "2022.10.15"]
[PlyCount "25"]

1.d4 Nf6 2.Nf3 g6 3.g3 Bg7 4.Bg2 O-O 5.O-O d6 6.c4 Nc6 7.Nc3 a6 8.Bf4 h6 
9.Rc1 g5 10.Be3 Ng4 11.Qd2 Rb8 12.Rfd1 Bd7 13.h4 1/2-1/2

[Event "25th Hoogeveen op"]
[Site "Hoogeveen NED"]
[Date "2022.10.17"]
[Round "3.21"]
[White "Konings, Frans"]
[Black "Pouw, Marcel"]
[Result "1/2-1/2"]
[WhiteElo "2122"]
[BlackElo "1862"]
[EventDate "2022.10.15"]
[PlyCount "29"]

1.e4 e5 2.d4 exd4 3.Nf3 Nc6 4.Bc4 Nf6 5.e5 d5 6.Bb5 Ne4 7.Nxd4 Bc5 8.Be3 
Bd7 9.Bxc6 bxc6 10.Nc3 Nxc3 11.bxc3 Qe7 12.O-O O-O 13.Re1 Bb6 14.Qh5 f6 
15.e6 1/2-1/2

[Event "25th Hoogeveen op"]
[Site "Hoogeveen NED"]
[Date "2022.10.17"]
[Round "3.23"]
[White "Niemeijer, Leon"]
[Black "Dehn, Marcus"]
[Result "1/2-1/2"]
[WhiteElo "1841"]
[BlackElo "2098"]
[EventDate "2022.10.15"]
[PlyCount "144"]

1.d4 Nf6 2.c4 e6 3.g3 Bb4+ 4.Bd2 Bxd2+ 5.Qxd2 O-O 6.Bg2 d6 7.Nf3 Qe7 8.Nc3
c6 9.d5 exd5 10.cxd5 c5 11.O-O Bd7 12.Qd3 Na6 13.e4 Rab8 14.a4 Nb4 15.Qe2 
b6 16.Rfe1 Rfe8 17.Nh4 a6 18.b3 Qe5 19.Rac1 Qh5 20.Qxh5 Nxh5 21.Bf1 g5 22.
Nf3 f6 23.Nd2 b5 24.a5 Kg7 25.f3 Re7 26.Kf2 Rbe8 27.Be2 Kg6 28.Nf1 Ng7 29.
g4 h5 30.h3 Re5 31.Ne3 Kf7 32.Bf1 Rh8 33.Kg2 Ne8 34.Ne2 Nd3 35.Ng3 Nxe1+ 
36.Rxe1 Ng7 37.Rc1 Ree8 38.Be2 Rh6 39.Bf1 Reh8 40.Rc2 hxg4 41.hxg4 Rh2+ 
42.Kg1 Rxc2 43.Nxc2 Rc8 44.Ne3 Ke7 45.Kf2 Rh8 46.Kg2 Ne8 47.Be2 Nc7 48.
Ngf1 b4 49.Bc4 Nb5 50.Nd2 Nd4 51.Ndf1 Bb5 52.Nd2 Kd7 53.Kg1 Kc7 54.Kg2 Bd7
55.Ndf1 Nb5 56.Nd2 Na3 57.Kg1 Rb8 58.Be2 Nb5 59.Bc4 Nd4 60.Bd3 Bb5 61.Bc4 
Kb7 62.Kg2 Ka7 63.Kg1 Be8 64.Bd3 Kb7 65.Kg2 Kc7 66.Kg1 Nb5 67.Kg2 Na3 68.
Kf2 Bb5 69.Bc4 Bd7 70.Bd3 Rb5 71.Nec4 Rb8 72.Ne3 Rb5 1/2-1/2

[Event "25th Hoogeveen op"]
[Site "Hoogeveen NED"]
[Date "2022.10.17"]
[Round "3.24"]
[White "Asatryan, Sona"]
[Black "Vasse, Albert"]
[Result "1-0"]
[WhiteElo "2088"]
[BlackElo "1844"]
[EventDate "2022.10.15"]
[PlyCount "53"]

1.e4 c5 2.Nc3 e6 3.Nf3 d5 4.exd5 exd5 5.Bb5+ Nc6 6.d4 a6 7.Bxc6+ bxc6 8.
O-O Bd6 9.dxc5 Bxc5 10.Na4 Bd6 11.Qd4 Nf6 12.Bg5 O-O 13.Rad1 Be6 14.Rfe1 
Be7 15.Nc5 Nd7 16.Rxe6 Bxc5 17.Qg4 f6 18.Bh6 Rf7 19.Rxc6 Qe7 20.Re1 Ne5 
21.Nxe5 fxe5 22.Be3 d4 23.Bg5 Qf8 24.Rf1 d3 25.Qc4 Rc8 26.Rxc8 Qxc8 27.Be3
1-0

[Event "25th Hoogeveen op"]
[Site "Hoogeveen NED"]
[Date "2022.10.17"]
[Round "3.25"]
[White "Abma, Klaas"]
[Black "Clemens, Adrian"]
[Result "0-1"]
[WhiteElo "1835"]
[BlackElo "2082"]
[EventDate "2022.10.15"]
[PlyCount "88"]

1.d4 Nf6 2.Nf3 g6 3.g3 Bg7 4.Bg2 O-O 5.O-O d6 6.b3 c5 7.Bb2 cxd4 8.Nxd4 d5
9.c4 dxc4 10.Nd2 cxb3 11.Qxb3 Nc6 12.Nxc6 bxc6 13.Bxc6 Be6 14.Qf3 Rc8 15.
Nb3 Bg4 16.Qg2 Bxe2 17.Rfe1 Bg4 18.Nd4 Qb6 19.Rab1 e5 20.Rxe5 Nh5 21.Rb5 
Qa6 22.Bb7 Qxa2 23.Ra1 Qxa1+ 24.Bxa1 Rc1+ 25.Qf1 Rxf1+ 26.Kxf1 Rd8 27.Rd5 
Rxd5 28.Bxd5 Nf6 29.Bc6 Bd7 30.Bb7 Ne8 31.Ke2 Nd6 32.Bd5 Nb5 33.Kd3 Kf8 
34.Kc4 Bxd4 35.Bxd4 Nxd4 36.Kxd4 g5 37.h4 gxh4 38.gxh4 Ke7 39.Ke5 a5 40.f4
f6+ 41.Kd4 Kd6 42.Bg8 h6 43.Ba2 Be6 44.Bb1 a4 0-1

[Event "25th Hoogeveen op"]
[Site "Hoogeveen NED"]
[Date "2022.10.17"]
[Round "3.26"]
[White "Markus, John Raymond"]
[Black "Hartgers, Leendert"]
[Result "1-0"]
[WhiteElo "2059"]
[BlackElo "1840"]
[EventDate "2022.10.15"]
[PlyCount "73"]

1.d4 Nf6 2.c4 c5 3.d5 b5 4.cxb5 a6 5.Nc3 axb5 6.e4 d6 7.Bxb5+ Bd7 8.Qe2 g6
9.Nf3 Bg7 10.O-O O-O 11.h3 Bxb5 12.Qxb5 Nbd7 13.Qe2 Qb8 14.Bf4 Ne8 15.Rfe1
Ne5 16.Nxe5 Bxe5 17.Bxe5 dxe5 18.a4 Nd6 19.Nb5 Ra5 20.Nxd6 Qxd6 21.Qd2 
Rfa8 22.b3 c4 23.bxc4 Rxa4 24.Rxa4 Rxa4 25.Rc1 Qc5 26.Qe3 Qxe3 27.fxe3 Kf8
28.Kf2 Ra2+ 29.Kf3 Ke8 30.c5 Kd7 31.Rb1 Kc7 32.c6 Ra7 33.Kg4 f6 34.h4 Kd6 
35.h5 Kc7 36.Rh1 g5 37.Kf5 1-0

[Event "25th Hoogeveen op"]
[Site "Hoogeveen NED"]
[Date "2022.10.17"]
[Round "3.27"]
[White "Land, Marc"]
[Black "Ismail, Tamer"]
[Result "0-1"]
[WhiteElo "1826"]
[BlackElo "2018"]
[EventDate "2022.10.15"]
[PlyCount "128"]

1.e4 e5 2.Nf3 Nc6 3.Nc3 Nf6 4.a3 d6 5.Bb5 Be7 6.O-O O-O 7.Re1 Bg4 8.Bxc6 
bxc6 9.d3 c5 10.b4 Nd7 11.Be3 cxb4 12.axb4 a6 13.h3 Bh5 14.g4 Bg6 15.Nd5 
c6 16.Nxe7+ Qxe7 17.h4 h5 18.g5 f5 19.gxf6 Nxf6 20.Bg5 Qd7 21.Nh2 d5 22.
exd5 Nxd5 23.Rxe5 Nf4 24.Bxf4 Rxf4 25.Rg5 Bf7 26.Qd2 Qd4 27.Rf1 Bd5 28.Qe3
Rxh4 29.Qxd4 Rxd4 30.c4 Bf7 31.Rc5 Rxd3 32.Rxc6 Rb3 33.Ra1 Rb8 34.Rcxa6 
R8xb4 35.Rd6 Rxc4 36.Rad1 g5 37.f3 Kg7 38.Kg2 Rf4 39.R6d3 Rbb4 40.Nf1 Be6 
41.Ng3 Rb2+ 42.R1d2 Rxd2+ 43.Rxd2 Bf7 44.Rd7 Kh6 45.Rd4 Rxd4 46.Nf5+ Kg6 
47.Nxd4 Kf6 48.Kg3 Ke5 49.Ne2 Bc4 50.f4+ Kf5 51.Nd4+ Ke4 52.Nc2 h4+ 53.Kf2
Kxf4 54.Ne3 Be6 55.Ng2+ Kg4 56.Ne3+ Kh3 57.Nc2 g4 58.Nd4 g3+ 59.Kg1 Bc8 
60.Nc2 Kg4 61.Ne3+ Kf3 62.Nf1 h3 63.Nd2+ Kg4 64.Nf1 Ba6 0-1

[Event "25th Hoogeveen op"]
[Site "Hoogeveen NED"]
[Date "2022.10.17"]
[Round "3.29"]
[White "Snuverink, Marc"]
[Black "Klaren, Oscar"]
[Result "0-1"]
[WhiteElo "1776"]
[BlackElo "2003"]
[EventDate "2022.10.15"]
[PlyCount "46"]

1.e4 c5 2.Nf3 Nc6 3.d4 cxd4 4.Nxd4 Nf6 5.Nc3 e5 6.Ndb5 d6 7.Nd5 Nxd5 8.
exd5 Nb8 9.Qf3 a6 10.Qa3 Be7 11.Bd2 O-O 12.Bb4 Qd7 13.Bxd6 axb5 14.Qxa8 
Qxd6 15.Be2 Na6 16.Qa7 Qb4+ 17.Kf1 Bc5 18.Qa8 Qd4 19.Ke1 Qxf2+ 20.Kd1 Bg4 
21.Qxb7 Qxe2+ 22.Kc1 Nb4 23.a3 Qxc2# 0-1

[Event "25th Hoogeveen op"]
[Site "Hoogeveen NED"]
[Date "2022.10.17"]
[Round "3.30"]
[White "Van Houwelingen, Leo"]
[Black "Avis, Fred"]
[Result "0-1"]
[WhiteElo "2003"]
[BlackElo "1759"]
[EventDate "2022.10.15"]
[PlyCount "73"]

1.e4 e5 2.Nf3 Nc6 3.Bc4 Nf6 4.d3 d5 5.exd5 Nxd5 6.O-O Bc5 7.Re1 O-O 8.Nbd2
Nb6 9.Bb3 Bg4 10.h3 Bh5 11.Ne4 Bd6 12.Bg5 Qd7 13.Ng3 Bg6 14.c3 Kh8 15.Nh4 
h6 16.Nxg6+ fxg6 17.Be3 Rae8 18.Qd2 Kh7 19.Rad1 Ne7 20.Ne4 Nbd5 21.Bc5 Nf4
22.Kh2 Nf5 23.Be3 Nxg2 24.Rg1 Nfh4 25.Qe2 Rf3 26.Ng3 Nf4 27.Qf1 Rxe3 28.
fxe3 Nf3+ 29.Kh1 Nxg1 30.Qxg1 Nxh3 31.Qg2 Qg4 32.Rf1 Qh4 33.Ne4 Ng5+ 34.
Kg1 Nxe4 35.dxe4 Bc5 36.Rf3 Qe1+ 37.Kh2 0-1

[Event "25th Hoogeveen op"]
[Site "Hoogeveen NED"]
[Date "2022.10.17"]
[Round "3.31"]
[White "Koes, Richard"]
[Black "Mensing, Adrian"]
[Result "0-1"]
[WhiteElo "1755"]
[BlackElo "2000"]
[EventDate "2022.10.15"]
[PlyCount "86"]

1.e4 c5 2.Nf3 d6 3.d4 cxd4 4.Nxd4 Nf6 5.Nc3 a6 6.Be2 e5 7.Nb3 Be7 8.O-O 
O-O 9.Be3 Be6 10.f3 Nbd7 11.Nd5 Bxd5 12.exd5 a5 13.c4 Qc7 14.Nd2 Nc5 15.
Qc2 h5 16.h3 h4 17.Ne4 Nh5 18.Ng5 f5 19.f4 Nxf4 20.Bxf4 exf4 21.Ne6 Nxe6 
22.dxe6 Qc5+ 23.Kh1 g5 24.Bh5 Rac8 25.Bf7+ Kg7 26.Qe2 Qe5 27.Qf3 Rc7 28.b3
b5 29.Rfe1 Qf6 30.cxb5 Rc3 31.Qd5 g4 32.Rac1 Rfc8 33.Rxc3 Qxc3 34.Rg1 Rc5 
35.Qd1 Qg3 36.b6 f3 37.hxg4 fxg4 38.b7 d5 39.b8=Q Qxb8 40.Qb1 Qh8 41.gxf3 
g3 42.Qg6+ Kf8 43.Qd3 Qb2 0-1

[Event "25th Hoogeveen op"]
[Site "Hoogeveen NED"]
[Date "2022.10.17"]
[Round "3.32"]
[White "Kazarjan, Gachatur"]
[Black "Boeren, Jurriaan"]
[Result "1-0"]
[WhiteElo "1746"]
[BlackElo "1987"]
[EventDate "2022.10.15"]
[PlyCount "57"]

1.e4 e5 2.Nf3 Nc6 3.Bc4 Nf6 4.d4 exd4 5.e5 d5 6.Bb5 Ne4 7.Nxd4 Bc5 8.Be3 
O-O 9.Nxc6 bxc6 10.Bxc5 Nxc5 11.Bxc6 Rb8 12.Bxd5 Ba6 13.Na3 Qe7 14.f4 Ne6 
15.Qf3 Qb4+ 16.Kf2 Nxf4 17.Bc4 Qd2+ 18.Kg3 Rb6 19.e6 fxe6 20.Rhf1 Qd6 21.
Qd1 Qe5 22.Qg4 Ne2+ 23.Kh3 Rxf1 24.Rxf1 Qe3+ 25.g3 Ng1+ 26.Kh4 Bb7 27.Qf4 
Nf3+ 28.Kh3 g5 29.Qxe3 1-0

[Event "25th Hoogeveen op"]
[Site "Hoogeveen NED"]
[Date "2022.10.17"]
[Round "3.33"]
[White "Mol, Christiaan"]
[Black "Warnk, Torsten"]
[Result "1/2-1/2"]
[WhiteElo "1961"]
[BlackElo "1709"]
[EventDate "2022.10.15"]
[PlyCount "52"]

1.d4 d5 2.Nf3 Nf6 3.c4 e6 4.Nc3 Nbd7 5.Bg5 Be7 6.e3 O-O 7.Qc2 c6 8.Bd3 
dxc4 9.Bxc4 Nd5 10.Bxe7 Qxe7 11.O-O N7f6 12.a3 b6 13.Rac1 Bb7 14.Nxd5 cxd5
15.Bd3 Rfc8 16.Qb1 Qd8 17.h3 h6 18.Nd2 Rxc1 19.Rxc1 Rc8 20.b4 Ne8 21.Nf3 
Nd6 22.Ne5 Rxc1+ 23.Qxc1 b5 24.Qc5 a6 25.Nc6 Qd7 26.Na5 Nc4 1/2-1/2

[Event "25th Hoogeveen op"]
[Site "Hoogeveen NED"]
[Date "2022.10.17"]
[Round "3.34"]
[White "Goudriaan, Rafael"]
[Black "Goeke, Bernd"]
[Result "0-1"]
[WhiteElo "1654"]
[BlackElo "1957"]
[EventDate "2022.10.15"]
[PlyCount "40"]

1.d4 d5 2.Bf4 c5 3.e4 dxe4 4.d5 Nf6 5.Nc3 a6 6.Qe2 g6 7.O-O-O Bg7 8.Nxe4 
Nxe4 9.Qxe4 O-O 10.Nf3 Bf5 11.Qe3 Qa5 12.Kb1 Nd7 13.Bd3 Bxd3 14.Qxd3 Bxb2 
15.Qb3 Bf6 16.Bg5 c4 17.Qxc4 Rac8 18.Qe4 Qb5+ 19.Kc1 Rc4 20.Qe2 Qb2+ 0-1

[Event "25th Hoogeveen op"]
[Site "Hoogeveen NED"]
[Date "2022.10.17"]
[Round "3.35"]
[White "Oosterhuis, Arend"]
[Black "Boersma, Jan"]
[Result "0-1"]
[WhiteElo "1010"]
[BlackElo "1930"]
[EventDate "2022.10.15"]
[PlyCount "36"]

1.e4 c5 2.f4 d5 3.e5 Bf5 4.Nc3 e6 5.Bb5+ Nc6 6.Bxc6+ bxc6 7.Nf3 Ne7 8.Nh4 
Ng6 9.Nxg6 hxg6 10.g3 d4 11.Nb1 Be4 12.O-O d3 13.c4 Qd4+ 14.Rf2 Rxh2 15.
Kxh2 Qxf2+ 16.Kh3 Qg2+ 17.Kh4 Be7+ 18.Kg4 Bf5# 0-1

[Event "25th Hoogeveen op"]
[Site "Hoogeveen NED"]
[Date "2022.10.17"]
[Round "3.36"]
[White "Bloem, Mark"]
[Black "Krylov, Philippe"]
[Result "1-0"]
[WhiteElo "1917"]
[BlackElo "1609"]
[EventDate "2022.10.15"]
[PlyCount "85"]

1.e4 c6 2.d4 d5 3.Nc3 dxe4 4.Nxe4 Bf5 5.Ng3 Bg6 6.Nf3 Nd7 7.Bd3 Bxd3 8.
Qxd3 e6 9.O-O Ngf6 10.Re1 Be7 11.Bg5 O-O 12.Rad1 h6 13.Bc1 c5 14.d5 Nxd5 
15.Nf5 Bg5 16.Nxg5 hxg5 17.Qg3 exf5 18.Rxd5 f4 19.Qd3 Qa5 20.Bd2 Qxa2 21.
Rxd7 Qxb2 22.Bc3 Qb6 23.Qf5 Rad8 24.Qxg5 Qh6 25.Qd5 Rxd7 26.Qxd7 f3 27.
gxf3 Qg6+ 28.Qg4 Qxg4+ 29.fxg4 b5 30.Ba5 b4 31.Re7 Rb8 32.Rxa7 c4 33.Bc7 
Rb5 34.Ra8+ Kh7 35.Rb8 Rxb8 36.Bxb8 b3 37.cxb3 cxb3 38.Be5 f6 39.Bb2 Kg6 
40.Kg2 Kf7 41.h4 g6 42.f4 g5 43.fxg5 1-0

[Event "25th Hoogeveen op"]
[Site "Hoogeveen NED"]
[Date "2022.10.17"]
[Round "3.37"]
[White "Van T Hoff, Tom"]
[Black "Bommel, Peter"]
[Result "1/2-1/2"]
[WhiteElo "1905"]
[BlackElo "1550"]
[EventDate "2022.10.15"]
[PlyCount "53"]

1.b4 d5 2.Bb2 Bg4 3.Nf3 Bxf3 4.gxf3 e6 5.e3 Nf6 6.a3 Nbd7 7.d4 a5 8.bxa5 
Rxa5 9.Nd2 Bd6 10.e4 Nh5 11.Nb3 Ra8 12.e5 Be7 13.Bc1 c5 14.f4 g6 15.dxc5 
Ng7 16.Bd2 O-O 17.Bd3 Nxc5 18.Nxc5 Bxc5 19.Bb4 Qb6 20.Bxc5 Qxc5 21.a4 Qc3+
22.Ke2 Qd4 23.Qd2 Rxa4 24.Rxa4 Qxa4 25.Rb1 Rb8 26.Qb4 Qxb4 27.Rxb4 1/2-1/2

[Event "25th Hoogeveen op"]
[Site "Hoogeveen NED"]
[Date "2022.10.17"]
[Round "3.38"]
[White "Bollaart, Jeroen"]
[Black "Kompaan, Rick"]
[Result "1-0"]
[WhiteElo "1937"]
[BlackElo "1785"]
[EventDate "2022.10.15"]
[PlyCount "45"]

1.e4 c5 2.b3 d6 3.Bb2 e5 4.f4 exf4 5.Nf3 Nf6 6.Nc3 Be7 7.Bb5+ Bd7 8.Qe2 
Nc6 9.O-O-O O-O 10.Bxc6 Bxc6 11.d4 Qa5 12.dxc5 Qxc5 13.Nd4 Rfe8 14.Rhf1 
Nd7 15.Nxc6 bxc6 16.Kb1 Bf6 17.Na4 Qb4 18.a3 Qxe4 19.Qxe4 Rxe4 20.Rxd6 
Bxb2 21.Kxb2 Ne5 22.Nc3 Rc4 23.Rfd1 1-0

[Event "25th Hoogeveen op"]
[Site "Hoogeveen NED"]
[Date "2022.10.17"]
[Round "3.39"]
[White "Lootsma, Jan"]
[Black "Uneken, Bert"]
[Result "1/2-1/2"]
[WhiteElo "1928"]
[BlackElo "1803"]
[EventDate "2022.10.15"]
[PlyCount "180"]

1.e4 c6 2.d4 d5 3.exd5 cxd5 4.Bd3 Nc6 5.c3 Nf6 6.h3 g6 7.Nf3 Bg7 8.O-O Bf5
9.Re1 Bxd3 10.Qxd3 O-O 11.Bf4 a6 12.Nbd2 e6 13.Ne5 Nxe5 14.Bxe5 Nd7 15.
Bxg7 Kxg7 16.Nf3 Rc8 17.Re2 Rc7 18.Rae1 Nf6 19.Ne5 Nd7 20.Qe3 Qf6 21.Ng4 
Qh4 22.Kh2 h6 23.g3 Qg5 24.f4 Qf5 25.Qf3 h5 26.Ne3 Qf6 27.Kg2 Qd8 28.g4 
Nf6 29.Nd1 hxg4 30.hxg4 Ne4 31.Nf2 Nxf2 32.Qxf2 Rh8 33.g5 Qd6 34.Rh1 Rcc8 
35.Ree1 Qb8 36.Qe3 Rxh1 37.Rxh1 Rh8 38.Qe5+ Qxe5 39.fxe5 Rc8 40.Kf3 b5 41.
Ke3 a5 42.Kd3 a4 43.a3 Ra8 44.Kc2 Rc8 45.b3 Ra8 46.Rh2 Rc8 47.Kb2 Rb8 48.
Ka2 Rc8 49.Kb2 Rb8 50.Kb1 Rc8 51.Kc2 Ra8 52.Rh1 Rc8 53.Rh3 Ra8 54.bxa4 
bxa4 55.c4 dxc4 56.Kc3 Rc8 57.Kb4 Ra8 58.Kxc4 Rb8 59.Rc3 Rb1 60.Kc5 Rb3 
61.Kc4 Rb1 62.d5 exd5+ 63.Kxd5 Rb3 64.Kd4 Rb8 65.Rc4 Ra8 66.Kc3 Kf8 67.Rc7
Ra5 68.Kd4 Ke8 69.Rb7 Ra6 70.Kc5 Ra5+ 71.Kd6 Ra6+ 72.Kc5 Ra5+ 73.Kd4 Ra6 
74.Rc7 Ra5 75.Ke4 Ra6 76.Kd5 Ra5+ 77.Kd6 Ra6+ 78.Rc6 Rxc6+ 79.Kxc6 Ke7 80.
Kb5 Ke6 81.Kxa4 Kxe5 82.Kb5 f5 83.gxf6 Kxf6 84.a4 g5 85.a5 g4 86.a6 g3 87.
a7 g2 88.a8=Q g1=Q 89.Qf8+ Ke6 90.Qe8+ Kf6 1/2-1/2

[Event "25th Hoogeveen op"]
[Site "Hoogeveen NED"]
[Date "2022.10.17"]
[Round "3.40"]
[White "Zecha, Oscar"]
[Black "Ten Ham, John"]
[Result "1-0"]
[WhiteElo "1854"]
[BlackElo "1910"]
[EventDate "2022.10.15"]
[PlyCount "79"]

1.e4 c5 2.Nf3 d6 3.d4 cxd4 4.Nxd4 Nf6 5.Nc3 a6 6.f3 e5 7.Nb3 Be6 8.Be3 Be7
9.Qd2 Qc7 10.O-O-O Nbd7 11.g4 Nc5 12.g5 Nxb3+ 13.axb3 Nd7 14.Nd5 Bxd5 15.
Qxd5 Nc5 16.h4 Rc8 17.Bh3 Rd8 18.Kb1 Nd7 19.h5 Nb6 20.Qa5 Na8 21.Qxc7 Nxc7
22.Bb6 Rd7 23.Bxd7+ Kxd7 24.Be3 Ne6 25.Rhg1 Kc6 26.Rd5 Rd8 27.c4 Rf8 28.
Kc2 f6 29.g6 h6 30.b4 f5 31.b5+ axb5 32.Rxb5 f4 33.Bf2 Ra8 34.Rd1 Bd8 35.
Rbd5 Bc7 36.Kb1 b6 37.b3 Ra5 38.Bxb6 Rxd5 39.cxd5+ Kxb6 40.dxe6 1-0

[Event "25th Hoogeveen op"]
[Site "Hoogeveen NED"]
[Date "2022.10.17"]
[Round "3.41"]
[White "Van der Vegt, Seth"]
[Black "Mader, Fabian"]
[Result "1-0"]
[WhiteElo "1900"]
[BlackElo "1735"]
[EventDate "2022.10.15"]
[PlyCount "109"]

1.d4 Nf6 2.c4 g6 3.g3 Bg7 4.Bg2 d5 5.cxd5 Nxd5 6.e4 Nb6 7.Ne2 O-O 8.O-O 
Nc6 9.d5 Ne5 10.a4 a5 11.Na3 Bd7 12.Nc3 c6 13.Qb3 Nd3 14.Be3 c5 15.Rfb1 
Rc8 16.Bf1 Nb4 17.Nc4 Nxc4 18.Bxc4 Kh8 19.f4 Bd4 20.Re1 e5 21.dxe6 Bxe6 
22.Bxe6 fxe6 23.Rad1 Qb6 24.Ne2 Rfd8 25.Nxd4 cxd4 26.Bf2 Rd6 27.Rd2 Qc5 
28.Red1 Rcd8 29.e5 Rd5 30.Qf3 Qc4 31.h4 d3 32.h5 Kg7 33.Kg2 Qc6 34.hxg6 
hxg6 35.Rh1 Rf8 36.Qe4 Qxa4 37.g4 Qd7 38.Bh4 Nc6 39.Bf6+ Rxf6 40.exf6+ 
Kxf6 41.Rh6 Qg7 42.g5+ Kf7 43.Rxd3 Qxb2+ 44.Kg3 Rxd3+ 45.Qxd3 Qg7 46.Qd7+ 
Kf8 47.Qxe6 Ne7 48.Rh1 Qc3+ 49.Kg4 Nf5 50.Qf6+ Qxf6 51.gxf6 b5 52.Kg5 Nd6 
53.Kxg6 Kg8 54.Rd1 Nf7 55.Rd5 1-0

[Event "25th Hoogeveen op"]
[Site "Hoogeveen NED"]
[Date "2022.10.17"]
[Round "3.42"]
[White "Cuyvers, Jens"]
[Black "Valiente, Paulo"]
[Result "0-1"]
[WhiteElo "1765"]
[BlackElo "1819"]
[EventDate "2022.10.15"]
[PlyCount "104"]

1.e4 d6 2.d4 Nf6 3.Bd3 g6 4.c4 Bg7 5.Nc3 O-O 6.Nge2 c5 7.d5 a6 8.O-O b5 9.
cxb5 axb5 10.Bxb5 Ba6 11.Bxa6 Nxa6 12.Bf4 Qb6 13.Qd2 Nc7 14.Rab1 Nb5 15.
Bh6 Nxc3 16.Nxc3 Qb4 17.Bxg7 Kxg7 18.Qc2 Rfb8 19.a3 Qb3 20.Rfc1 Ng4 21.
Qxb3 Rxb3 22.Nd1 Ne5 23.Rc3 Raxa3 24.Kf1 f5 25.exf5 gxf5 26.Ke2 Kf6 27.
Rbc1 Rxc3 28.Nxc3 Rb3 29.Rc2 Rb4 30.f3 Nc4 31.Nd1 f4 32.g3 Nb6 33.Nc3 Ke5 
34.gxf4+ Kxf4 35.Kf2 Nc4 36.b3 Ne5 37.Ne2+ Kf5 38.Ng3+ Kg6 39.Rc3 Rh4 40.
Kg2 Rd4 41.Ne2 Rd2 42.Re3 Kf7 43.Kg3 Rxd5 44.f4 Nc6 45.Nc3 Rd4 46.Ne4 h6 
47.Kg4 e5 48.Kf3 exf4 49.Rc3 Ke6 50.Nf2 Ne5+ 51.Ke2 f3+ 52.Ke3 Kf5 0-1

[Event "25th Hoogeveen op"]
[Site "Hoogeveen NED"]
[Date "2022.10.17"]
[Round "3.43"]
[White "Winkel, Ruud"]
[Black "Kumar, Sanjit S"]
[Result "0-1"]
[WhiteElo "1663"]
[BlackElo "1923"]
[EventDate "2022.10.15"]
[PlyCount "46"]

1.f4 d5 2.Nf3 c5 3.e3 g6 4.d4 Bg7 5.c3 Nf6 6.Bd3 O-O 7.Nbd2 b6 8.O-O Ba6 
9.Qe2 Bxd3 10.Qxd3 Nc6 11.Ne5 Qc7 12.Ndf3 Rfd8 13.Ng5 Rf8 14.Bd2 e6 15.Rf3
Ne7 16.g4 h6 17.Nxg6 Nxg6 18.Nxe6 fxe6 19.Qxg6 Qf7 20.Qd3 Ne4 21.Raf1 Qg6 
22.Be1 Qxg4+ 23.Bg3 Ng5 0-1

[Event "25th Hoogeveen op"]
[Site "Hoogeveen NED"]
[Date "2022.10.17"]
[Round "3.44"]
[White "Huo, Da"]
[Black "Borggreve, Martin"]
[Result "1-0"]
[WhiteElo "1909"]
[BlackElo "1534"]
[EventDate "2022.10.15"]
[PlyCount "47"]

1.e4 d6 2.d4 f5 3.Nc3 Nf6 4.Bd3 e6 5.Qe2 Be7 6.exf5 exf5 7.Nf3 O-O 8.Bg5 
c6 9.O-O-O Nd5 10.Bxe7 Qxe7 11.Qd2 Nxc3 12.Qxc3 Nd7 13.Rde1 Qf7 14.Ng5 Qg6
15.Ne6 Re8 16.Nc7 Rxe1+ 17.Rxe1 Rb8 18.Bc4+ d5 19.Re8+ Kf7 20.Qe3 Qd6 21.
Re6 Qxc7 22.Re7+ Kg6 23.Qe6+ Nf6 24.Qf7+ 1-0

[Event "25th Hoogeveen op"]
[Site "Hoogeveen NED"]
[Date "2022.10.17"]
[Round "3.45"]
[White "Tabak, Wesley"]
[Black "Aravindhan, Achyuth"]
[Result "0-1"]
[WhiteElo "1506"]
[BlackElo "1907"]
[EventDate "2022.10.15"]
[PlyCount "42"]

1.Nf3 Nf6 2.g3 g6 3.Bg2 Bg7 4.O-O O-O 5.c4 d6 6.Nc3 e5 7.d3 Nc6 8.Nd2 Be6 
9.Nde4 Nxe4 10.Nxe4 h6 11.Bd2 Ne7 12.Rb1 f5 13.Nc3 c6 14.Qc1 Kh7 15.b3 d5 
16.a4 f4 17.gxf4 exf4 18.Bxf4 Bxc3 19.Bxh6 Bg7 20.Bf4 Qd7 21.Qe3 Nf5 0-1

[Event "25th Hoogeveen op"]
[Site "Hoogeveen NED"]
[Date "2022.10.17"]
[Round "3.46"]
[White "Van de Mheen, Steven"]
[Black "Hanna-Matrr, David"]
[Result "0-1"]
[WhiteElo "1473"]
[BlackElo "1904"]
[EventDate "2022.10.15"]
[PlyCount "78"]

1.e4 d6 2.Nf3 Nf6 3.Nc3 g6 4.Bc4 Bg7 5.h3 O-O 6.d3 c6 7.a4 d5 8.exd5 cxd5 
9.Bb3 Nc6 10.d4 b6 11.O-O e6 12.Bf4 Ne4 13.Nb5 a6 14.Na3 Bb7 15.c3 f5 16.
Bc2 Qe7 17.Bxe4 dxe4 18.Nd2 e5 19.dxe5 Nxe5 20.Be3 f4 21.Bxb6 Qg5 22.Bd4 
e3 23.Qb3+ Rf7 24.f3 exd2 25.Qd1 Rd8 26.Nb1 Nxf3+ 27.Rxf3 Bxd4+ 28.cxd4 
Bxf3 29.Qxf3 Rxd4 30.Nc3 Rfd7 31.Rd1 Rd3 32.Qa8+ Kg7 33.Ne4 Qe5 34.b4 Re3 
35.Rxd2 Rxd2 36.Nxd2 Re1+ 37.Nf1 Qe3+ 38.Kh2 Rxf1 39.Qb7+ Kh6 0-1

[Event "25th Hoogeveen op"]
[Site "Hoogeveen NED"]
[Date "2022.10.17"]
[Round "3.47"]
[White "Rellum, Theo"]
[Black "Wolters, Vincent"]
[Result "0-1"]
[WhiteElo "1456"]
[BlackElo "1882"]
[EventDate "2022.10.15"]
[PlyCount "74"]

1.d4 Nf6 2.Nf3 d5 3.Nc3 Bg4 4.e3 e6 5.Be2 c5 6.Ne5 Bxe2 7.Qxe2 Nbd7 8.Qb5 
Qc8 9.Nxd7 Nxd7 10.O-O c4 11.e4 a6 12.Qa5 b6 13.Qa4 Qd8 14.Qc6 dxe4 15.
Nxe4 Rc8 16.Nd6+ Bxd6 17.Qxd6 Qe7 18.Qxe7+ Kxe7 19.Bg5+ f6 20.Be3 b5 21.c3
Rhd8 22.Rad1 Nb6 23.Bc1 Nd5 24.a3 a5 25.f4 Rb8 26.Rde1 f5 27.Re5 Nf6 28.
Rfe1 Ne4 29.R5xe4 fxe4 30.Rxe4 Kf7 31.Kf2 b4 32.axb4 axb4 33.Bd2 b3 34.g4 
Ra8 35.Re2 Ra1 36.f5 exf5 37.gxf5 Re8 0-1

[Event "25th Hoogeveen op"]
[Site "Hoogeveen NED"]
[Date "2022.10.17"]
[Round "3.48"]
[White "Selten, Ton"]
[Black "Bellamy, Linda"]
[Result "1/2-1/2"]
[WhiteElo "1809"]
[BlackElo "1401"]
[EventDate "2022.10.15"]
[PlyCount "68"]

1.e4 c5 2.Nf3 d6 3.d3 Nf6 4.g3 e5 5.Bg2 Be7 6.O-O O-O 7.Nbd2 Nc6 8.Nc4 h6 
9.c3 Be6 10.Qe2 Qd7 11.Ne3 Bh3 12.Nf5 Bxf5 13.exf5 Qxf5 14.Nh4 Qd7 15.f4 
exf4 16.Bxf4 g5 17.Nf5 Qxf5 18.Bd2 Qd7 19.Rf3 Ne5 20.Re3 Nfg4 21.Bh3 f5 
22.Bxg4 fxg4 23.d4 Nf3+ 24.Kh1 Rf7 25.Re6 Kg7 26.Qe4 Bf6 27.Rd1 cxd4 28.
cxd4 Nxd4 29.Rxf6 Rxf6 30.Qxd4 Qc6+ 31.Kg1 Kf7 32.Bc3 Qc5 33.Qxc5 dxc5 34.
Bxf6 Kxf6 1/2-1/2

[Event "25th Hoogeveen op"]
[Site "Hoogeveen NED"]
[Date "2022.10.17"]
[Round "3.49"]
[White "Spaans, Leo"]
[Black "Tawfiq, Abdul Karim"]
[Result "1/2-1/2"]
[WhiteElo "1791"]
[BlackElo "1777"]
[EventDate "2022.10.15"]
[PlyCount "167"]

1.e4 e5 2.Bc4 Nc6 3.Nf3 d6 4.c3 Na5 5.Bb5+ Bd7 6.Ba4 b5 7.Bc2 Nf6 8.d4 
exd4 9.cxd4 c6 10.O-O Bg4 11.h3 Bh5 12.Re1 Be7 13.b4 Nc4 14.Nbd2 d5 15.e5 
Nd7 16.a3 O-O 17.Nf1 Re8 18.Ng3 Bg6 19.Bxg6 fxg6 20.e6 Nf8 21.Ne5 Nxe5 22.
Rxe5 Bf6 23.e7 Rxe7 24.Rxe7 Qxe7 25.Ra2 Re8 26.Re2 Qd7 27.Be3 Ne6 28.Rc2 
a6 29.Ne2 g5 30.Qc1 Rc8 31.Qd2 Rc7 32.Nc1 Qf7 33.Nb3 Qg6 34.Qc1 Qe8 35.Qd2
Rc8 36.Na5 Bd8 37.Nb3 h6 38.Nc1 Bc7 39.Nd3 Qf8 40.Qc1 Nd8 41.Nc5 Qd6 42.g3
Ra8 43.Nb7 Qd7 44.Nxd8 Bxd8 45.Rxc6 Qxh3 46.Qc5 Qf5 47.Rd6 Be7 48.Qxd5+ 
Qxd5 49.Rxd5 Bf6 50.Kg2 Kf7 51.Kf3 Rd8 52.Ke4 Re8+ 53.Kd3 Ra8 54.Rc5 Ke6 
55.Ke4 g6 56.Rc6+ Ke7 57.d5 a5 58.Bc5+ Kf7 59.d6 axb4 60.axb4 Re8+ 61.Kd3 
Rd8 62.Rb6 Rd7 63.Ke4 Ke6 64.Rxb5 Be5 65.Rb6 h5 66.Be3 Bf6 67.b5 h4 68.
gxh4 gxh4 69.Bf4 g5 70.Bh2 g4 71.Rc6 Bd8 72.Rc5 Bb6 73.Rg5 Bxf2 74.Rxg4 
Bg3 75.Bxg3 hxg3 76.Rxg3 Kxd6 77.Rd3+ Kc7 78.Rxd7+ Kxd7 79.Kd5 Kc7 80.Kc5 
Kb7 81.b6 Kb8 82.Kc6 Kc8 83.b7+ Kb8 84.Kb6 1/2-1/2

[Event "25th Hoogeveen op"]
[Site "Hoogeveen NED"]
[Date "2022.10.17"]
[Round "3.51"]
[White "Dokter, Lars"]
[Black "Van Heeren, Arie"]
[Result "0-1"]
[WhiteElo "1150"]
[BlackElo "1755"]
[EventDate "2022.10.15"]
[PlyCount "38"]

1.e4 e5 2.Nf3 Nc6 3.Nc3 Nf6 4.Bc4 Be7 5.d3 d6 6.O-O O-O 7.Nd5 Nxd5 8.exd5 
Na5 9.b3 a6 10.d4 Nxc4 11.bxc4 e4 12.Nd2 f5 13.Nb3 Qe8 14.c5 b5 15.cxb6 
cxb6 16.Be3 f4 17.Bd2 f3 18.g3 Qh5 19.Be3 Qh3 0-1